El hombre estatua
Tallennettuna:
| Päätekijä: | |
|---|---|
| Aineistotyyppi: | Kirja |
| Kieli: | espanja |
| Julkaistu: |
Santiago
LOM
2010
|
| Painos: | 1a. ed |
| Sarja: | Colección Narrativa
|
| Aiheet: | |
| Tagit: |
Lisää tagi
Ei tageja, Lisää ensimmäinen tagi!
|
MARC
| LEADER | 00000nam a2200000 a 4500 | ||
|---|---|---|---|
| 001 | UCG3669 | ||
| 003 | CL-VaPUC | ||
| 008 | 100909e20100000CL |||||||||||||||||spa|d | ||
| 020 | |a 9789560001665 | ||
| 082 | 0 | 4 | |a 863 |b CAS |2 21 |
| 100 | 0 | |a Casas, Jaime |e author |9 552960 | |
| 245 | 1 | 3 | |a El hombre estatua |
| 250 | |a 1a. ed | ||
| 300 | |a 158 p | ||
| 942 | |c BK | ||
| 945 | |d 20100909 00:00:00 |a mfarfan | ||
| 260 | |a Santiago |b LOM |c 2010 | ||
| 650 | 0 | |a Novelas chilenas |9 265425 | |
| 650 | 0 | |a Escritores chilenos |9 420370 | |
| 650 | 0 | |a Literatura chilena |9 308278 | |
| 583 | |a last modification |c 20100909 00:00:00 |k Rodrigo Vera | ||
| 490 | 0 | |a Colección Narrativa | |
| 999 | |c 342715 |d 342713 | ||
| 952 | |0 0 |1 0 |4 0 |6 863_000000000000000_CAS_2010 |7 0 |8 C |9 439190 |a BIBCUR |b BIBCUR |d 2019-11-22 |i 4718143 |o 863 CAS 2010 |p 4718143 |r 2025-04-22 |w 2019-11-22 |y BK |k CAC | ||